000 00617nam a2200193Ia 4500
005 20250508154617.0
008 008 250505s9999 xx 000 0 eng d
037 _aTextual
040 _aFEDL
_beng
_cFEDL
041 _aeng
_2eng
084 _a379.111, UNE
_qFEDL
245 0 _aEducational planning
245 0 _cUNESCO (Paris France)
260 _aParis, France
_bUnited Nations Educational, Scientific and Cultural Organization
300 _aLiii,193p
490 _a25th International conference on public education Geneva 1962
942 _cTEXL
_h379.111, UNE
999 _c1351188
_d1351188